000
00345 a2200157 4500
001
75819
020
_a
8515011336
040
_c
Anchieta - Colégio São Paulo
100
_a
Kent, Graeme
240
1
0
_a
Fábulas de Esopo
_l
por
245
1
0
_a
Fábulas de Esopo
300
_a
123
362
0
_a
1995
650
4
_a
Literatura infantil
942
_c
BK
999
_c
75819
_d
75819